| 000 | 00382pab a2200157 454500 | ||
|---|---|---|---|
| 008 | 180718b1997 xxu||||| |||| 00| 0 eng d | ||
| 245 | _aTHE ECONOMY and budget 1997-98 | ||
| 260 | _c1997 | ||
| 300 | _ap.1077-1220 | ||
| 362 | _a17 & 24 May | ||
| 650 | _aBudget - India | ||
| 650 | _aState budget | ||
| 650 | _aBudget | ||
| 773 | _aEconomic and Political Weekly | ||
| 909 | _a34547 | ||
| 999 |
_c34547 _d34547 |
||